| 000 | 00494nam a22001697a 4500 | ||
|---|---|---|---|
| 003 | OSt | ||
| 005 | 20260202072633.0 | ||
| 008 | 260202b |||||||| |||| 00| 0 eng d | ||
| 020 | _a0-345-40047-X | ||
| 040 |
_aDWCL -Main lib _cOC |
||
| 082 | _aFic. Ir8h 1981 | ||
| 100 | _aJohn Irving | ||
| 245 |
_aThe hotel new hampshire/ _cJohn Irving |
||
| 260 |
_aNew York : _bBallantine Books, _cc1981. |
||
| 300 |
_a419 p. ; _c17 cm. |
||
| 942 |
_2ddc _cFIC. _hFic. Ir8h 1981 _n0 |
||
| 999 |
_c8125 _d8125 |
||